000 00568nam a2200193Ia 4500
003 GCL
008 140319s9999 xx 000 0 ara d
020 _a5415502977
040 _aGCL /
_cGCL
082 0 4 _a810.8
_bم ت
100 1 _aمصطفى محمود
245 1 0 _aالتوراة /
_cمصطفى محمود
250 _aالسادسة
260 _aالقاهرة :
_bدار المعارف ،
_c1993
300 _a83 ص ؛
_c19 سم
490 _aالهيئة العامة للاستعلامات
_v0
650 0 4 _aالادب العربى
942 _2ddc
_cBK
999 _c48777
_d48777